000
00251nam a2200097Ia 4500
082
_a
EF STEE
245
0
_a
Thurston House
100
_a
Smith, Rupert [South Africa, [c.2010]
_9
73620
942
_c
BK
008
210817s9999 xx 000 0 und d
999
_c
241325
_d
241324